European Country to Cities - Statistics

General Stats
  • This quiz has been taken 90 times
    49 since last reset
  • The average score is 22 of 29
Answer Stats
Hint Answer % Correct
Istanbul, Samsun, Adana Turkey
100%
Bordeaux, Nice, Toulouse France
97%
Munich, Frankfurt, Stuttgart Germany
97%
Cork, Limerick, Derry Ireland
97%
Milan, Venice, Napoli Italy
97%
St Petersburg, Novgorod, Vyborg Russia
97%
Zurich, Basel, Geneva Switzerland
97%
Krakow, Poznan, Lublin Poland
94%
Alicante, Seville, Bilbao Spain
94%
Den Haag, Eindhoven, Rotterdam Netherlands
92%
Porto, Faro, Funchal Portugal
92%
Chernobyl, Odessa, Donetsk Ukraine
92%
Salzburg, Innsbruck, Linz Austria
89%
Southampton, Newcastle, Leeds England
89%
Sparta, Kavala, Ioannina Greece
89%
Glasgow, Kirkwall, Inverness Scotland
89%
Goteborg, Malmo, Umea Sweden
89%
Swansea, Newport, Conwy Wales
86%
Maribor, Kranj, Velenje Slovenia
61%
Brno, Plzen, Liberec Czech Republic
58%
Geysir, Grindavik, Dalvik Iceland
53%
Sabac, Nis, Smederevo Serbia
50%
Tartu, Voru, Kunda Estonia
47%
Kaunas, Klaipeda, Taurage Lithuania
47%
Miskoic, Pecs, Szeged Hungary
44%
Brest, Hrodna, Vitsyebsk Belarus
42%
Durres, Gjirokaster, Kruje Albania
36%
Sibiu, Bacau, Brasov Romania
33%
Dobric, Pleven, Haskovo Bulgaria
31%
No matching quizzes found
Score Distribution
Percent of People with Each Score
Percentile by Number Answered
Your Score History
You have not taken this quiz since the last reset